[Event "Vlissingen HZ op"]
[Site "Vlissingen"]
[Date "1998.??.??"]
[Round "4"]
[White "Davies, Nigel R"]
[Black "De Weerd, Warner"]
[Result "1-0"]
[WhiteElo "2515"]
[BlackElo "2055"]

1.d4 Nf6 2.Bg5 Ne4 3.Bf4 c5 4.f3 Qa5+ 5.c3 Nf6 6.d5 d6 7.e4 e5 8.Be3 Be7
9.Bd3 O-O 10.Ne2 Nh5 11.Qd2 g6 12.Bh6 Ng7 13.h4 f5 14.h5 f4 15.hxg6 hxg6
16.g3 c4 17.Bxc4 Qc5 18.gxf4 Qxc4 19.Na3 Qc5 20.O-O-O g5 21.f5 Nd7 22.Rdg1 Rf7
23.Bxg5 Bf8 24.Ng3 b5 25.Be3 Qc7 26.Qh2 Re7 27.Nxb5 Qb8 28.Qh7+ Kf7 29.Qg6+ Kg8
30.Nxd6 Nf6 31.Qxf6 Rd7 32.Rh8+  1-0

[Event "Zadar op"]
[Site "Zadar"]
[Date "1998.??.??"]
[Round "6"]
[White "Draganic, Stjepan"]
[Black "Ljubicic, Filip"]
[Result "0-1"]
[WhiteElo "2165"]
[BlackElo "2385"]

1.d4 Nf6 2.Bg5 Ne4 3.h4 c6 4.Nd2 Qa5 5.Bf4 d5 6.c3 Bf5 7.f3 Nxd2 8.Qxd2 Nd7
9.g4 Be6 10.h5 f6 11.e3 Bf7 12.a4 e5 13.Bg3 Bd6 14.Bd3 O-O-O 15.b4 Qc7 16.Qh2 Nf8
17.Ne2 Ne6 18.Bf5 Kb8 19.Bxe6 Bxe6 20.Kd2 Rhe8 21.Rhg1 Bc8 22.a5 h6 23.Nc1 Qe7
24.Nd3 Ka8 25.Rge1 e4 26.Bxd6 Rxd6 27.fxe4 dxe4 28.Nc5 Bxg4 29.Na4 Kb8 30.Reb1 Qc7
31.Qh4 Bd7 32.c4 f5 33.Rg1 Be6 34.Kc3 Bc8 35.Qg3 Rd7 36.Raf1 Rf7 37.Qxc7+ Kxc7
38.Rf4 Ree7 39.c5 Rf6 40.Kd2 Be6 41.Rf2 f4 42.Nc3 Rf5 43.Rxf4 Rxh5 44.Rxe4 Kd7
45.Rg6 Rh2+ 46.Kd1 h5 47.b5 a6 48.d5 Bg4+ 49.Kc1 Rxe4 50.Nxe4 cxd5 51.c6+ bxc6
52.bxa6 Ra2 53.Nc5+ Kc8 54.Nb3 Kb8 55.Rxg7 c5 56.Rh7 Ka8 57.Nxc5 Rxa5 58.Rh8+ Ka7
59.Nd3 Kxa6 60.Nf4 Bf3 61.Rh6+ Kb5 62.Nxd5 Kc4 63.e4 Bxe4 64.Nf4 Bf3 65.Kd2 Kd4
66.Ne2+ Kc4 67.Re6 Kd5 68.Nf4+ Kd4 69.Ne2+ Kc4 70.Ke3 Bg4 71.Re4+ Kd5 72.Nc3+ Kd6
73.Kf4 Rf5+ 74.Ke3 Rf3+ 75.Kd4 Bf5 76.Nb5+ Kc6 77.Re5 h4 78.Nc3 Rf1 79.Rc5+ Kd6
80.Ne4+ Ke7 81.Ng5 Rf2 82.Ke5  0-1

[Event "Rilton Cup 9899"]
[Site "Stockholm"]
[Date "1999.01.02"]
[Round "5"]
[White "Bellon Lopez, Juan Manuel"]
[Black "Sandstrom, Ludvig"]
[Result "1-0"]
[WhiteElo "2490"]
[BlackElo "2305"]

1.d4 Nf6 2.Bg5 Ne4 3.Bh4 c5 4.f3 g5 5.fxe4 gxh4 6.e3 Bh6 7.d5 d6 8.Nd2 Nd7
9.Qh5 Bxe3 10.Ngf3 Nf6 11.Qxh4 Ng4 12.Bb5+ Kf8 13.Rf1 h5 14.Bd3 Bh6 15.Ng5 f6
16.Qxh5 Ne5 17.Nc4 Bg7 18.Qe2 Nxc4 19.Bxc4 Rxh2 20.Nf3 Bg4 21.O-O-O Qe8 22.Kb1 Qh5
23.a4 a6 24.a5 Rb8 25.e5 Bxf3 26.Rxf3 Qxe5 27.Re3 Qh5 28.Qxh5 Rxh5 29.Rb3 Rg5
30.Bxa6 Ra8 31.Bxb7 Rxa5 32.Bc6 f5 33.Rf1 Bf6 34.Bd7 Rxg2 35.Bxf5 Ra4 36.Rb8+ Kg7
37.Be6 Rag4 38.Rg8+ Kh6 39.Rxg4 Rxg4 40.Bxg4  1-0

[Event "Rilton Cup 9899"]
[Site "Stockholm"]
[Date "1999.01.03"]
[Round "6"]
[White "Bellon Lopez, Juan Manuel"]
[Black "Eriksson, Johan"]
[Result "1/2-1/2"]
[WhiteElo "2490"]
[BlackElo "2385"]

1.d4 Nf6 2.Bg5 Ne4 3.Bh4 g5 4.f3 gxh4 5.fxe4 c5 6.e3 Bh6 7.d5 Qb6 8.Qc1 d6
9.Nf3 Nd7 10.g4 Qb4+ 11.Nbd2 Bxe3 12.c3 Qb6 13.Qc2 Qc7 14.O-O-O Nb6 15.Bb5+ Bd7
16.Qd3 Bf4 17.Nxh4 O-O-O 18.Bxd7+ Qxd7 19.Qe2 Rhg8 20.h3 e6 21.Kb1 exd5 22.exd5 Rge8
23.Qd3 Bxd2 24.Rxd2 Re5 25.c4 Rde8 26.b3 Re1+ 27.Rd1 Rxh1 28.Rxh1 Qe7 29.Qxh7 Nd7
30.Nf3 Qf6 31.Qf5 Qh8 32.Qd3 Re7 33.Re1 Rxe1+ 34.Nxe1 Qh4 35.Qe3 Ne5 36.Kc2 Kc7
37.Nd3 Qh7 38.Kd2 Nxd3 39.Qxd3 Qg7 40.Qc3 Qg6 41.Ke3 Qh6+ 42.Ke4 Qg6+ 43.Kf4 Qb1
44.Qf6 Qf1+ 45.Kg5 Qxh3 46.Qe7+ Kc8 47.Qxf7 Qe3+ 48.Kg6 Qg3 49.g5  1/2-1/2

[Event "Australian op"]
[Site "Suncoast"]
[Date "1999.01.04"]
[Round "3"]
[White "Sutherland, John"]
[Black "Chapman, Mark2"]
[Result "0-1"]
[WhiteElo "2055"]
[BlackElo "2075"]

1.d4 Nf6 2.Bg5 Ne4 3.Bf4 c5 4.f3 Qa5+ 5.c3 Nf6 6.Nd2 cxd4 7.Nb3 Qb6 8.Qxd4 Nc6
9.Qxb6 axb6 10.e4 d5 11.Be3 dxe4 12.Bxb6 e5 13.Bb5 Nd5 14.Bc5 Bxc5 15.Nxc5 exf3
16.Nxf3 f6 17.O-O Ke7 18.Rae1 Kd6 19.Ne4+ Kc7 20.a3 Rd8 21.g3 Bg4 22.Kg2 Kb6
23.a4 Nc7 24.Nfd2 Be6 25.c4 Na6 26.Rc1 f5 27.c5+ Kc7 28.Bxa6 fxe4 29.Nxe4 Rxa6
30.Rf2 Bd5 31.Re1 Rxa4  0-1

[Event "Bad Zwesten op"]
[Site "Bad Zwesten"]
[Date "1999.01.06"]
[Round "8"]
[White "Schlachowitsch, Markus"]
[Black "Kersten, Uwe"]
[Result "0-1"]
[WhiteElo "2150"]
[BlackElo "2383"]

1.d4 Nf6 2.Bg5 Ne4 3.Bh4 c5 4.f3 g5 5.fxe4 gxh4 6.e3 Bh6 7.Qf3 Qb6 8.b3 cxd4
9.Bc4 Qb4+ 10.Kd1 Nc6 11.exd4 Nxd4 12.Qxf7+ Kd8 13.Qd5 Nxc2 14.Kxc2 Qe1 15.Qd4 Qc1+
16.Kd3 Rf8 17.Qc3 Qf1+ 18.Kc2 Qc1+ 19.Kd3 Qf1+ 20.Kc2 Qxg2+ 21.Ne2 Qxh1 22.Nd2 Qxh2
23.Qa5+ b6 24.Qh5 Bxd2 25.Qd5 Rb8 26.Qxd2  0-1

[Event "Rilton Cup 9899"]
[Site "Stockholm"]
[Date "1999.01.06"]
[Round "9"]
[White "Hall, Jesper"]
[Black "Welin, Mats"]
[Result "1-0"]
[WhiteElo "2485"]
[BlackElo "2235"]

1.d4 Nf6 2.Bg5 Ne4 3.Bf4 d5 4.f3 Nf6 5.Nc3 e6 6.Qd2 a6 7.g4 c5 8.e3 Bd6 9.Nge2 Nc6
10.Bg2 b5 11.g5 Ng8 12.Bxd6 Qxd6 13.e4 Nge7 14.exd5 exd5 15.dxc5 Qxc5 16.O-O-O Be6
17.Nf4 O-O 18.Rhe1 Rad8 19.Rxe6 fxe6 20.Nxe6 Qc4 21.Nxf8 d4 22.Qe2 dxc3 23.Qxc4+ bxc4
24.Rxd8 Nxd8 25.Nd7 cxb2+ 26.Kxb2 Nd5 27.Bf1 Ne3 28.Be2 Ne6 29.Kc3 Nd5+ 30.Kxc4 Ne3+
31.Kd3 Nd5 32.Kd2 a5 33.Bc4  1-0

[Event "Untergrombach op"]
[Site "Untergrombach"]
[Date "1999.01.06"]
[Round "7"]
[White "Schenk, Andreas"]
[Black "Panzalovic, Srdjan"]
[Result "0-1"]
[WhiteElo "2265"]
[BlackElo "2435"]

1.d4 Nf6 2.Bg5 Ne4 3.Bf4 c5 4.f3 Nf6 5.dxc5 Na6 6.Nc3 Nxc5 7.e4 d6 8.Bc4 Be6
9.Bxe6 Nxe6 10.Be3 g6 11.Qd2 Rc8 12.Nge2 Qa5 13.Nd4 Nxd4 14.Bxd4 Bg7 15.O-O-O Rc4
16.Kb1 Nxe4 17.fxe4 Rxd4 18.Qe2 Rxd1+ 19.Nxd1 O-O 20.Rf1 Qe5 21.h3 d5 22.Nc3 dxe4
23.Qxe4 Qxe4 24.Nxe4 Rd8 25.c3 f5 26.Nc5 b6 27.Nb3 e5 28.Kc2 Kf7 29.a4 e4
30.a5 Ke6  0-1

[Event "Bundesliga 9899"]
[Site "Germany"]
[Date "1999.01.09"]
[Round "7.1"]
[White "Hodgson, Julian M"]
[Black "Hracek, Zbynek"]
[Result "1/2-1/2"]
[WhiteElo "2565"]
[BlackElo "2615"]

1.d4 Nf6 2.Bg5 Ne4 3.Bf4 c5 4.d5 Qb6 5.Bc1 e6 6.f3 Qa5+ 7.Nd2 Nf6 8.dxe6 dxe6
9.e4 Nc6 10.Nh3 Be7 11.Be2 O-O 12.O-O e5 13.Nf2 Nd4 14.Bd3 Qc7 15.c3 Ne6
16.g3 Ng5 17.a4 Be6 18.Nc4 Rad8 19.b3 Nd7 20.h4 Nh3+  1/2-1/2

[Event "EUCup final 14th"]
[Site "Belgrade"]
[Date "1999.01.11"]
[Round "1"]
[White "Lputian, Smbat G"]
[Black "Shipov, Sergei"]
[Result "1-0"]
[WhiteElo "2614"]
[BlackElo "2662"]

1.d4 Nf6 2.Bg5 Ne4 3.Bf4 c5 4.f3 Qa5+ 5.c3 Nf6 6.Nd2 cxd4 7.Nb3 Qb6 8.Qxd4 Qxd4
9.cxd4 e6 10.Rc1 Nc6 11.e4 d5 12.e5 Nd7 13.Bb5 a5 14.a4 Na7 15.Nxa5 Nxb5
16.axb5 Nb6 17.Bd2 Be7 18.Ne2 O-O 19.Kf2 Bd7 20.Nxb7 Nc4 21.Bc3 Rfb8 22.Ra1 Bxb5
23.Rxa8 Rxa8 24.b3 Na3 25.Ra1 Bc6 26.Nd6 Kf8 27.Bb4 Nb5 28.Rxa8+ Bxa8 29.Ke3 Bc6
30.Nf4 Kg8 31.Nd3 Bd8 32.f4 h5 33.g3 g6 34.Nc1 Bb6 35.Ne2 Kg7 36.Bc5 Bc7
37.Nxb5 Bxb5 38.Nc3 Bd7 39.b4 f6 40.b5 Ba5 41.b6 Bc6 42.Ne2 Kf7 43.Nc1  1-0

[Event "Australian op"]
[Site "Suncoast"]
[Date "1999.01.13"]
[Round "10"]
[White "Milov, Vadim"]
[Black "Sandler, Leonid"]
[Result "1-0"]
[WhiteElo "2640"]
[BlackElo "2385"]

1.d4 Nf6 2.Bg5 Ne4 3.Bf4 d5 4.f3 Nf6 5.e4 e6 6.e5 Nfd7 7.Be3 c5 8.c3 Nc6
9.f4 Qb6 10.Qd2 Be7 11.Nf3 O-O 12.Bd3 cxd4 13.cxd4 Qa5 14.Nc3 b6 15.Rc1 Ba6
16.O-O Bxd3 17.Qxd3 Rac8 18.f5 Nb4 19.Qb1 Qa6 20.Rcd1 Nc6 21.Bg5 Bb4 22.f6 g6
23.Bh6 Rfe8 24.Qc1 Nxd4 25.Rxd4 Bc5 26.Be3 Bxd4 27.Bxd4  1-0

[Event "Australian op"]
[Site "Suncoast"]
[Date "1999.01.14"]
[Round "11"]
[White "Depasquale, Chris"]
[Black "Taivanbaatar, Yumjav"]
[Result "0-1"]
[WhiteElo "2305"]
[BlackElo "2080"]

1.d4 Nf6 2.Bg5 Ne4 3.Bf4 d5 4.f3 Nf6 5.e4 dxe4 6.Nc3 exf3 7.Nxf3 e6 8.Bd3 Bb4
9.O-O O-O 10.Ne4 Nxe4 11.Bxe4 f5 12.Bd3 Bd6 13.Qd2 Bxf4 14.Qxf4 Qd6 15.Qe3 Nc6
16.c3 Bd7 17.b4 a6 18.a4 Ne7 19.c4 Ng6 20.b5 a5 21.Bc2 Rae8 22.Rad1 Qe7 23.Rfe1 b6
24.Ne5 Nxe5 25.Qxe5 Bc8 26.c5 Bb7 27.Bb3 Be4 28.Rc1 Qg5 29.g3 Qd2  0-1

[Event "ISR-chT"]
[Site "Israel"]
[Date "1999.01.15"]
[Round "2"]
[White "Rabinovich, Alexander"]
[Black "Liss, Eran"]
[Result "1-0"]
[WhiteElo "2460"]
[BlackElo "2505"]

1.d4 Nf6 2.Bg5 Ne4 3.Bf4 c5 4.f3 Nf6 5.d5 Nh5 6.Bg5 h6 7.Bh4 Qb6 8.Nd2 Qxb2
9.e4 d6 10.Bc4 Qb6 11.Ne2 g6 12.O-O Bg7 13.Rb1 Qc7 14.f4 O-O 15.Kh1 Nf6 16.h3 Nbd7
17.c3 Nb6 18.Bd3 c4 19.Bc2 Nbd7 20.Nd4 Nc5 21.Qf3 Re8 22.g4 Nfd7 23.Bg3 Rf8
24.Nb5 Qd8 25.Nxc4 a6 26.Nd4 Qc7 27.Ne3 b5 28.Nc6 e5 29.g5 exf4 30.gxh6 Bxh6
31.Ng4 Bg5 32.Bxf4 Ne5 33.Ncxe5 Bxf4 34.Qxf4 dxe5 35.Nf6+ Kg7 36.Nh5+ Kh7
37.Qf6 Rg8 38.Qh4 gxh5 39.Qxh5+ Kg7 40.Rg1+ Kf8 41.Rxg8+ Kxg8 42.Qh6 Bg4
43.Rg1 f5 44.exf5  1-0

[Event "Hamburg IM"]
[Site "Hamburg"]
[Date "1999.01.16"]
[Round "7"]
[White "Lindinger, Markus"]
[Black "Bekker Jensen, Simon"]
[Result "0-1"]
[WhiteElo "2290"]
[BlackElo "2260"]

1.d4 Nf6 2.Bg5 Ne4 3.Bf4 c5 4.f3 Qa5+ 5.c3 Nf6 6.d5 e6 7.e4 exd5 8.exd5 d6
9.Na3 Be7 10.Nc4 Qc7 11.a4 O-O 12.g4 Re8 13.Kf2 Nbd7 14.Ne2 Nf8 15.h4 Ng6
16.Bg3 Nd7 17.Ne3 Ndf8 18.f4 Bxh4 19.Bxh4 Nxh4 20.Qd3 Nhg6 21.Bg2 Bd7 22.Nf5 Qb6
23.Kf3 Qxb2 24.Rab1 Qa2 25.Neg3 Qxg2+  0-1

[Event "Hamburg IM"]
[Site "Hamburg"]
[Date "1999.01.18"]
[Round "9"]
[White "Lindinger, Markus"]
[Black "Klovans, Janis"]
[Result "0-1"]
[WhiteElo "2290"]
[BlackElo "2465"]

1.d4 Nf6 2.Bg5 Ne4 3.Bf4 c5 4.f3 Nf6 5.dxc5 Qa5+ 6.Nc3 Qxc5 7.e4 Nc6 8.Qd2 d6
9.O-O-O g6 10.g4 Be6 11.Nd5 Bxd5 12.exd5 Nb4 13.Be3 Qa5 14.Bc4 Rc8 15.Bb3 Nxa2+
16.Kb1 Nb4 17.Bd4 Bg7 18.Ne2 O-O 19.Nc3 Na6 20.Qe2 Nc5 21.Qxe7 Nxb3 22.cxb3 Qb4
23.Na2 Qxb3 24.Qxd6 Rfd8 25.Qa3 Qxa3 26.bxa3 Rxd5 27.Nb4 Rb5 28.Bxa7 Ra8
29.Be3 h5 30.Bc1 hxg4 31.fxg4 Nxg4 32.Rd5 Rb6 33.h3 Ne5 34.Rhd1 Nc6 35.Be3 Rxb4+
36.axb4 Ra1+ 37.Kc2 Nxb4+ 38.Kb3 Nxd5 39.Rxd5 Rh1 40.Rd8+ Kh7 41.Kc2 Rxh3
42.Kd2 Bh6 43.Bxh6 Rxh6 44.Rd7 Kg7  0-1

[Event "Hoogovens 5'"]
[Site "Wijk aan Zee"]
[Date "1999.01.18"]
[Round "6"]
[White "Kasparov, Gary"]
[Black "Reinderman, Dimitri"]
[Result "1-0"]
[WhiteElo "2812"]
[BlackElo "2542"]

1.d4 Nf6 2.Bg5 Ne4 3.Bf4 c5 4.f3 Nf6 5.dxc5 b6 6.e4 bxc5 7.Nc3 Nc6 8.Bc4 d6
9.e5 dxe5 10.Qxd8+ Kxd8 11.O-O-O+ Bd7 12.Bb5 exf4 13.Bxc6 Rc8 14.Bxd7 Nxd7
15.Nh3 Ke8 16.Nxf4 g6 17.Kb1 Bg7 18.Ne4 Nb6 19.Rhe1 Kf8 20.Nxc5 Bxb2 21.Kxb2 Rxc5
22.Rd8+ Kg7 23.Re8 Rg8 24.Rxg8+ Kxg8 25.Rxe7 Kh8 26.Kc1 Ra5 27.Rxf7 Rxa2
28.Rc7 a5 29.g4 Ra3 30.Ne6 Kg8 31.f4 Re3 32.f5 gxf5 33.gxf5 Re5 34.Rd7 h6
35.Rf7 Kh8 36.Rf6 Nc4 37.Kb1 a4 38.Rxh6+ Kg8 39.Rg6+ Kf7 40.Ng5+ Kf8 41.f6 Rb5+
42.Ka1 Ne3 43.Nh7+ Ke8 44.Rg8+ Kd7 45.Rg7+ Kd6 46.f7 Nxc2+ 47.Ka2  1-0

[Event "Hoogovens 5'"]
[Site "Wijk aan Zee"]
[Date "1999.01.18"]
[Round "10"]
[White "Timman, Jan H"]
[Black "Yermolinsky, Alex"]
[Result "1-0"]
[WhiteElo "2649"]
[BlackElo "2597"]

1.d4 Nf6 2.Bg5 Ne4 3.Bf4 d5 4.Nd2 Nxd2 5.Qxd2 e6 6.e3 Bd6 7.Bd3 Nd7 8.Nf3 Bxf4
9.exf4 c5 10.c3 O-O 11.O-O Qc7 12.Rfe1 b6 13.Ne5 Nxe5 14.fxe5 a5 15.Rac1 Ba6
16.Bc2 Rac8 17.Re3 g6 18.Rh3 cxd4 19.cxd4 f5 20.exf6 Rxf6 21.a3 Qf4 22.Re3 Rc4
23.Qe1 Rxd4 24.Rxe6  1-0

[Event "Hamburg IM"]
[Site "Hamburg"]
[Date "1999.01.19"]
[Round "10"]
[White "Lindinger, Markus"]
[Black "Gross, David"]
[Result "1/2-1/2"]
[WhiteElo "2290"]
[BlackElo "2435"]

1.d4 Nf6 2.Bg5 Ne4 3.Bf4 c5 4.f3 Qa5+ 5.c3 Nf6 6.d5 d6 7.e4 g6 8.Na3 Nbd7
9.Nh3 Bg7 10.Nf2 O-O 11.Qd2 a6 12.Nc4 Qc7 13.Bh6 b5 14.Bxg7 Kxg7 15.Ne3 c4
16.Be2 Nc5 17.g4 Qa5 18.Nc2 h5 19.h3 Qb6 20.Nd4 Rh8 21.Rg1 hxg4 22.hxg4 Bd7
23.g5 Ne8 24.Rg2 Nc7 25.f4 Rab8 26.f5 Rh4 27.f6+ Kf8 28.Qe3 e5 29.Qg3 Rh8
30.Rh2 Rg8 31.Rh7 Ke8 32.Qh4 Kd8 33.Rxf7 exd4 34.Qh7 Re8 35.cxd4 Nxe4 36.Rxd7+ Kc8
37.Nxe4 Rxe4 38.f7 Qa5+ 39.Kf2 Kb7 40.Qg7 Rf4+ 41.Kg3 Qd2 42.Rxc7+ Kb6 43.Rc6+ Ka5
44.Rf1 Rxf1 45.Bxf1 Qxg5+ 46.Kf3 Qf5+ 47.Ke2 Qc2+ 48.Ke1  1/2-1/2

[Event "Hamburg IM"]
[Site "Hamburg"]
[Date "1999.01.19"]
[Round "10"]
[White "Pajeken, Wolfgang"]
[Black "Bekker Jensen, David"]
[Result "1/2-1/2"]
[WhiteElo "2285"]
[BlackElo "2255"]

1.d4 Nf6 2.Bg5 Ne4 3.Bf4 c5 4.f3 Nf6 5.dxc5 b6 6.e4 bxc5 7.Nc3 Nc6 8.Bc4 g6
9.Nge2 Bg7 10.O-O O-O 11.Qd2 Na5 12.Bd5 Nxd5 13.Qxd5 Bb7 14.Qxc5 d6 15.Qf2 Ba6
16.Rfd1 Nc4 17.Bc1 Nxb2 18.Bxb2 Bxe2 19.Rdb1 Bc4 20.Nd5 Bxb2 21.Rxb2 Bxd5
22.exd5 Qc7 23.Qd4 Rab8 24.Rab1 Rxb2 25.Rxb2 Rc8 26.h3 a5 27.Kh2 Qc5 28.Qe4 Rc7
29.Rb8+ Kg7  1/2-1/2

[Event "NRW-Liga II 9899"]
[Site "GER"]
[Date "1999.01.20"]
[Round "5"]
[White "Wunsch, Axel"]
[Black "Van de Mortel, Jan"]
[Result "1/2-1/2"]
[WhiteElo "2140"]
[BlackElo "2360"]

1.d4 Nf6 2.Bg5 Ne4 3.h4 d5 4.Nd2 Nxg5 5.hxg5 Bf5 6.e3 e6 7.g4 Bg6 8.f4 c5
9.c3 Qb6 10.Qb3 cxd4 11.cxd4 Qxb3 12.Nxb3 Bb4+ 13.Kf2 O-O 14.Rc1 Nd7 15.Nf3 Rfc8
16.Bb5 Nb6 17.a3 Bd6 18.Nc5 Rab8 19.Ne5 Bxe5 20.fxe5 Nc4 21.Bxc4 dxc4 22.a4 b5
23.a5 Rc6 24.Kf3 Rbc8 25.Rhd1 Kf8 26.e4 Ke7 27.Rc3 f6 28.gxf6+ gxf6 29.exf6+ Kxf6
30.Nd7+ Kg5 31.Ne5 R6c7 32.Ke3 b4 33.Rc2 c3 34.bxc3 Rxc3+ 35.Rxc3 bxc3 36.d5 c2
37.Rc1 exd5 38.exd5 Rc5 39.Kd4 Rxa5 40.Nxg6 hxg6 41.Ke5 Rc5 42.Kd4 Rc8 43.Ke5 Re8+
44.Kd4 Rc8 45.Ke5 Re8+ 46.Kd4 Re2 47.d6 Kxg4 48.Kd5 Kf3 49.d7 a5 50.Kd6 Ke3
51.Ke7 Kd2+ 52.Kf7 Kxc1 53.d8=Q a4 54.Qd3 Rf2+  1/2-1/2

[Event "Saintly Cup"]
[Site "Sydney"]
[Date "1999.01.28"]
[Round "6"]
[White "Rogers, Ian"]
[Black "Roeder, Mathias"]
[Result "1-0"]
[WhiteElo "2618"]
[BlackElo "2447"]

1.d4 Nf6 2.Bg5 Ne4 3.Bf4 c5 4.f3 Qa5+ 5.c3 Nf6 6.Nd2 cxd4 7.Nb3 Qb6 8.Qxd4 Qxd4
9.cxd4 e6 10.e4 Bb4+ 11.Kf2 d5 12.a3 Be7 13.Rc1 O-O 14.Bxb8 Rxb8 15.e5 Nd7
16.f4 Nb6 17.Nc5 Rd8 18.Nf3 Bd7 19.Bd3 Bc6 20.Rhd1 Nc4 21.Bxc4 dxc4 22.Rxc4 Rbc8
23.Rcc1 h6 24.Nb3 g5 25.g3 Kg7 26.Ke3 Kg6 27.Rf1 Bd5 28.Rxc8 Rxc8 29.Rc1 Rg8
30.Nbd2 Bc6 31.Ne4 Rd8 32.Nfd2 Kf5 33.Rf1 g4 34.h3 h5 35.hxg4+ hxg4 36.Rh1 a5
37.Rh6 Bd5 38.Nd6+ Rxd6 39.exd6 Bxd6 40.Rh5+ Kg6 41.Rg5+  1-0

[Event "BL2-N9899"]
[Site "Germany"]
[Date "1999.01.31"]
[Round "5.5"]
[White "Schian, Thomas"]
[Black "Rhodin, Christian"]
[Result "1-0"]
[WhiteElo "2300"]
[BlackElo "2250"]

1.d4 Nf6 2.Bg5 Ne4 3.Bf4 d5 4.e3 Bf5 5.f3 Nf6 6.c4 e6 7.Nc3 c6 8.Qb3 Qb6
9.c5 Qxb3 10.axb3 Nbd7 11.g4 Bg6 12.b4 Be7 13.b5 O-O 14.bxc6 bxc6 15.Ba6 Rab8
16.Bxb8 Rxb8 17.Ra2 e5 18.Nge2 Ne8 19.Kd2 Nc7 20.Bd3 Bxd3 21.Kxd3 a6 22.Kc2 Bf6
23.Ra3 Kf8 24.Rb3 Rxb3 25.Kxb3 Ne6 26.Rd1 Bg5 27.f4 exf4 28.exf4 Nxf4 29.h4 Nxe2
30.hxg5 Nf4 31.Kb4 Ne6 32.Ka5 Ke7 33.Kxa6 Ndf8 34.b4 Kd7 35.b5 Nc7+ 36.Kb6 Nxb5
37.Nxb5 cxb5 38.c6+ Kc8 39.Ra1  1-0

[Event "BL2-O9899"]
[Site "Germany"]
[Date "1999.01.31"]
[Round "5.8"]
[White "Huemmer, Bernd"]
[Black "Heinatz, Gundula"]
[Result "0-1"]
[WhiteElo "2265"]
[BlackElo "2185"]

1.d4 Nf6 2.Bg5 Ne4 3.Bf4 d5 4.f3 Nf6 5.e4 e6 6.e5 Nfd7 7.Be3 c5 8.c3 Nc6
9.f4 Qb6 10.Qd2 f5 11.Nf3 Be7 12.Be2 O-O 13.O-O Re8 14.g4 fxg4 15.Ng5 h6
16.Bxg4 Nxd4 17.Bh5 Rf8 18.cxd4 hxg5 19.fxg5 cxd4 20.Rxf8+ Nxf8 21.Qf2 g6
22.Bxd4 Qc6 23.Nc3 gxh5 24.Rf1 Qe8 25.Nb5 Qg6 26.Nc7 Rb8 27.Bxa7 b6 28.Bxb6 Rxb6
29.Qxb6 Bxg5 30.Kf2 Qc2+ 31.Kg1 Qe4 32.Kf2 Qc2+ 33.Kg1 Qe2 34.Nxd5 exd5 35.Rxf8+ Kxf8
36.Qd6+ Be7 37.Qh6+ Kf7 38.Qh7+ Ke6 39.Qg8+ Kxe5 40.Qg7+ Kd6 41.Qg6+ Be6  0-1

[Event "Bundesliga 9899"]
[Site "Germany"]
[Date "1999.01.31"]
[Round "9.8"]
[White "Hennig, Dirk"]
[Black "Schoene, Ralf"]
[Result "1-0"]
[WhiteElo "2439"]
[BlackElo "2425"]

1.d4 Nf6 2.Bg5 Ne4 3.Bf4 d6 4.Qd3 Nf6 5.e4 g6 6.Nc3 Bg7 7.Be2 O-O 8.O-O-O Nc6
9.Nf3 Nb4 10.Qd2 c5 11.dxc5 Qa5 12.a3 Nh5 13.e5 Nxf4 14.Qxf4 Nc6 15.cxd6 exd6
16.Rxd6 Be6 17.Bb5 Ne7 18.Qb4 Qxb4 19.axb4 a5 20.bxa5 Rxa5 21.Rhd1 Bg4 22.b4 Ra1+
23.Kb2 Rxd1 24.Rxd1 Bxf3 25.gxf3 Bxe5 26.Kb3 Nf5 27.Ne2 b6 28.f4 Bf6 29.Rd7 Rd8
30.Rxd8+ Bxd8 31.Bd3 Ng7 32.Kc4 Kf8 33.Kd5 Bh4 34.f3 Ke8 35.Kc6 Bf2 36.c3 Ke7
37.f5 gxf5 38.Nf4 Bg1 39.h3 Kf6 40.Nd5+ Kg5 41.Nxb6 Kh4 42.Nd5 Kxh3 43.b5 Kg3
44.b6 Kxf3 45.b7 Ba7 46.Kd7 f4 47.Nc7 Ke3 48.Nb5 Bb8 49.Bf1 Ne6 50.Kc8 Be5
51.Na3 Ke4 52.Nc4 Bc7 53.Bh3 f5 54.Nd2+ Ke5 55.Nf3+ Kf6 56.Nd4 Be5 57.Nxe6 Kxe6
58.Bg2 h5 59.c4 h4 60.c5 h3 61.Bf3  1-0

[Event "FRA-chT"]
[Site "France"]
[Date "1999.02.07"]
[Round "7"]
[White "Winants, Luc"]
[Black "Bersoult, Francois"]
[Result "1-0"]
[WhiteElo "2480"]
[BlackElo "2226"]

1.d4 Nf6 2.Bg5 Ne4 3.Bf4 c5 4.d5 e6 5.f3 Bd6 6.Bxd6 Nxd6 7.e4 O-O 8.Nc3 e5
9.Qd2 Qa5 10.f4 Re8 11.fxe5 Rxe5 12.Bd3 f6 13.Nf3 Re8 14.O-O c4 15.e5 Nf7
16.Be4 Nxe5 17.Nxe5 Rxe5 18.d6 Nc6 19.Rae1 Qc5+ 20.Kh1 Qd4 21.Qxd4 Nxd4 22.Bd5+ Ne6
23.Rxe5 fxe5 24.Ne4 Rb8 25.Nc5 b6 26.Bxe6+ dxe6 27.d7 Bxd7 28.Nxd7 Rd8 29.Rd1  1-0

[Event "Koltanowski Team Match"]
[Site "San Francisco"]
[Date "1999.02.09"]
[Round "8"]
[White "Silman, Jeremy D"]
[Black "Dzindzichashvili, Roman"]
[Result "1/2-1/2"]
[WhiteElo "2375"]
[BlackElo "2553"]

1.d4 Nf6 2.Bg5 Ne4 3.Bf4 c5 4.f3 Qa5+ 5.c3 Nf6 6.Nd2 cxd4 7.Nb3 Qb6 8.Qxd4 Nc6
9.Qxb6 axb6 10.Nd4 e5 11.Nxc6 exf4 12.Nd4 d5 13.Kf2 Bd6 14.e3 fxe3+ 15.Kxe3 O-O
16.Bb5  1/2-1/2

[Event "RUS-Cup03 (Geller mem)"]
[Site "Moscow"]
[Date "1999.02.10"]
[Round "9"]
[White "Lastin, Alexander"]
[Black "Nureev, Garun"]
[Result "0-1"]
[WhiteElo "2558"]
[BlackElo "2380"]

1.d4 Nf6 2.Bg5 Ne4 3.Bh4 d5 4.f3 Nf6 5.Nc3 e6 6.e4 Be7 7.e5 Nfd7 8.Bxe7 Qxe7
9.f4 a6 10.Nf3 c5 11.Qd2 Nc6 12.dxc5 Nxc5 13.O-O-O b5 14.Bd3 b4 15.Ne2 Qc7
16.Kb1 a5 17.Qe3 Qb6 18.g4 Ba6 19.f5 b3 20.axb3 a4 21.Bxa6 axb3 22.Bb7 bxc2+
23.Kxc2 Nb4+  0-1

[Event "US Amateur Team East"]
[Site "Parsippany"]
[Date "1999.02.13"]
[Round "2"]
[White "Koepcke, Richard"]
[Black "Hauser, Dietrich"]
[Result "1-0"]
[WhiteElo "2275"]
[BlackElo "2082"]

1.d4 Nf6 2.Bg5 Ne4 3.Bf4 c5 4.f3 Qa5+ 5.c3 Nf6 6.Nd2 cxd4 7.Nb3 Qb6 8.Qxd4 Qxd4
9.Nxd4 d5 10.Nb5 Na6 11.e3 g6 12.Rd1 Bg7 13.Be5 Be6 14.Nd4 O-O 15.Nxe6 fxe6
16.Nh3 Nc5 17.c4 Rfd8 18.Be2 Rac8 19.b3 a6 20.O-O h6 21.Bd4 Kf7 22.Nf4 Ncd7
23.Ba1 Nb6 24.Bd3 g5 25.Bg6+ Kg8 26.Nxe6 Rd6 27.Bf5 Bh8 28.c5  1-0

[Event "RUS-Cup03 (Geller mem)"]
[Site "Moscow"]
[Date "1999.02.14"]
[Round "5"]
[White "Kalugin, Sergei"]
[Black "Moiseenko, Alexander"]
[Result "1/2-1/2"]
[WhiteElo "2355"]
[BlackElo "2419"]

1.d4 Nf6 2.Bg5 Ne4 3.h4 c5 4.dxc5 Qa5+ 5.Nd2 Nxg5 6.hxg5 Qxc5 7.Ngf3 g6 8.c3 Bg7
9.e3 Nc6 10.Qb3 d5 11.Qb5 Qd6 12.Rd1 a6 13.Qa4 Qc7 14.Nb3 e6 15.Nfd4 Bd7
16.Nxc6 Bxc6 17.Qg4 O-O-O 18.Bd3 Kb8 19.Nd4 Be8 20.Nb3 e5 21.e4 dxe4 22.Bxe4 Bb5
23.Rxd8+ Rxd8 24.Rxh7  1/2-1/2

[Event "Bunratty Masters"]
[Site "Bunratty"]
[Date "1999.02.18"]
[Round "1"]
[White "Clarke, Thomas"]
[Black "Turner, Matthew"]
[Result "0-1"]
[WhiteElo "2170"]
[BlackElo "2463"]

1.d4 Nf6 2.Bg5 Ne4 3.h4 c5 4.d5 Qb6 5.Nd2 Nxg5 6.hxg5 d6 7.e4 g6 8.Nc4 Qc7
9.a4 Bg7 10.Be2 b6 11.c3 Ba6 12.Qb3 Bxc4 13.Bxc4 a6 14.f4 Nd7 15.Nf3 O-O
16.Rd1 Rfb8 17.Qc2 b5 18.axb5 axb5 19.Bf1 b4 20.c4 Ra2 21.Rb1 b3 22.Qf2 Qa5+
23.Qd2 Qxd2+ 24.Nxd2 Rxb2 25.Rh3 Rxb1+ 26.Nxb1 Rb4 27.Kd2 Nb6  0-1

[Event "Bunratty Masters"]
[Site "Bunratty"]
[Date "1999.02.20"]
[Round "5"]
[White "Clarke, Thomas"]
[Black "Delaney, John"]
[Result "0-1"]
[WhiteElo "2170"]
[BlackElo "2265"]

1.d4 Nf6 2.Bg5 Ne4 3.h4 c5 4.d5 g6 5.Nd2 Nxg5 6.hxg5 Bg7 7.c3 Qc7 8.Ngf3 d6
9.Ne4 Nd7 10.a4 Ne5 11.Nxe5 Bxe5 12.e3 Bf5 13.Bb5+ Bd7 14.f4 Bg7 15.Qe2 O-O-O
16.Bxd7+ Qxd7 17.Qb5 Qf5 18.Qc4 Kb8 19.Nd2 h6 20.gxh6 Bxh6 21.O-O-O Bg7 22.Qe4 Qd7
23.g3 Bf6 24.Nb1 Rh3 25.Rhg1 Qg4 26.Qg2 Rdh8 27.Nd2 Qd7 28.Qe4 Re8 29.g4 Bg7
30.Qc4 Rxe3 31.Rh1 e6 32.Rh7 Bf8 33.dxe6 R3xe6 34.f5 gxf5 35.gxf5 R6e7 36.f6 Re6
37.Nb3  0-1

[Event "Bundesliga 9899"]
[Site "Germany"]
[Date "1999.02.20"]
[Round "10.8"]
[White "Hennig, Dirk"]
[Black "Gustafsson, Jan"]
[Result "1-0"]
[WhiteElo "2439"]
[BlackElo "2416"]

1.d4 Nf6 2.Bg5 Ne4 3.Bh4 c5 4.f3 Qa5+ 5.c3 Nf6 6.d5 Qb6 7.b3 e6 8.Bxf6 gxf6
9.e4 Qc7 10.Bd3 h5 11.Nh3 Bh6 12.O-O d6 13.f4 Bg7 14.dxe6 fxe6 15.f5 e5 16.a4 Nc6
17.Na3 Bd7 18.Nb5 Qb8 19.Bc4 Ke7 20.Qd5 Nd8 21.Rfd1 Bxb5 22.axb5  1-0

[Event "BEL-chT9899"]
[Site "Antwerp"]
[Date "1999.02.21"]
[Round "9"]
[White "Winants, Luc"]
[Black "Mohandesi, Shahin"]
[Result "1-0"]
[WhiteElo "2480"]
[BlackElo "2314"]

1.d4 Nf6 2.Bg5 Ne4 3.Bf4 c5 4.d5 Qb6 5.Nd2 Nxd2 6.Bxd2 e5 7.e4 Be7 8.Nf3 d6
9.Bd3 Bg4 10.O-O Nd7 11.h3 Bh5 12.a4 Qc7 13.b3 h6 14.g4 Bg6 15.Be3 O-O-O
16.c3 h5 17.g5 h4 18.Qc2 f6 19.Kh2 Bh5 20.gxf6 Bxf3 21.fxe7 Rde8 22.Be2 Bxe2
23.Qxe2 Rxe7 24.b4 Kb8 25.a5 Rf7 26.Rg1 cxb4 27.cxb4 Nf6 28.Rac1 Qd7 29.Rc4 Rff8
30.Rgc1 Rc8 31.b5 Rxc4 32.Qxc4 Rf8 33.Qc2 Rf7 34.f3 Nh5 35.Kg2 Nf4+ 36.Bxf4 Rxf4
37.b6 Rf7 38.Qc8+  1-0